Torone I : the excavations of 1975, 1976, and 1978

Saved in:
Bibliographic Details
Corporate Author: Εν Αθήναις Αρχαιολογική Εταιρεία
Other Authors: Cambitoglou, Alexander (Editor), Papadopoulos, John K., 1958- (Editor)
Format: Book
Language:English
Published: Athens : Αρχαιολογική Εταιρεία, 2001
Series:Βιβλιοθήκη της εν Αθήναις Αρχαιολογικής Εταιρείας ; ; 206 ; 207 ; 208
Subjects:
Tags: Add Tag
No Tags, Be the first to tag this record!

MARC

LEADER 00000cam a2200000 i 4500
001 1/65308
008 071129s2001 eng d
020 |a 960-8145-24-4 (set) 
020 |a 960-8145-25-2 (τ.1) 
020 |a 960-8145-26-0 (τ.2) 
020 |a 960-8145-27-9 (τ.3) 
022 |a 11057785 
035 |l 10092691 
040 |a GR-MY-UA  |b gre  |e aacr 
041 0 |a eng 
082 0 |a 938.21  |2 (22) 
245 1 0 |a Torone I :  |b the excavations of 1975, 1976, and 1978 /  |c [edited by Alexander Cambitoglou, John K. Papadopoulos and Olwe Tudor Jones] ; Η εν Αθήναις Αρχαιολογική Εταιρεία 
260 |a Athens :   |b Αρχαιολογική Εταιρεία,   |c 2001 
300 |a 3 τ.;  |b εικ., σχ., χαρτ., πιν.;  |c 28 εκ. 
490 1 |a Βιβλιοθήκη της εν Αθήναις Αρχαιολογικής Εταιρείας  |v ; 206  |v ; 207  |v ; 208 
504 |a Περιλαμβάνει βιβλιογραφίες και ευρετήριο 
505 0 |a Τ.1. Text. Part 1. - τ.2. Text. Part 2. - τ.3. Illustrations 
650 0 0 |a Excavations (Archaeology)  |z Greece  |z Torone (Extinct city) 
651 0 |a Torone (Extinct city) 
700 1 |a Cambitoglou, Alexander.  |4 edt 
700 1 |a Papadopoulos, John K.,   |d 1958-  |4 edt 
710 2 |a Εν Αθήναις Αρχαιολογική Εταιρεία. 
830 0 |a Βιβλιοθήκη της εν Αθήναις Αρχαιολογικής Εταιρείας ;  |v ; 206  |v ; 207  |v ; 208 
852 |a INST  |b RHODES  |e 20071129  |h 938.21 TOR  |p 005400025893  |q 005400025893  |t BK  |y 0  |z τ.1 
852 |a INST  |b RHODES  |e 20071129  |h 938.21 TOR  |p 005400025900  |q 005400025900  |t BK  |y 0  |z τ.2 
852 |a INST  |b RHODES  |e 20071129  |h 938.21 TOR  |p 005400025901  |q 005400025901  |t BK  |y 0  |z τ.3 
852 |a INST  |b RHODES  |e 20071129  |h 938.21 TOR  |p 005400025893  |q 005400025893  |t BK  |v τ.1:  |y 0  |z τ.1 
852 |a INST  |b RHODES  |e 20071129  |h 938.21 TOR  |p 005400025900  |q 005400025900  |t BK  |v τ.2:  |y 0  |z τ.2 
852 |a INST  |b RHODES  |e 20071129  |h 938.21 TOR  |p 005400025901  |q 005400025901  |t BK  |v τ.3:  |y 0  |z τ.3 
853 |a INST  |b RHODES  |h 938.21 TOR 
901 |a BIBL4-2007-3 
909 |a Ρ  |b 138437 
909 |a Ρ  |b 138447 
909 |a Ρ  |b 138448 
922 |a 4ΕΛΗ  |b 200708  |c ΕΠΕΑΕΚ2/ΤΜΣ  |d Σ. ΠΑΤΑΚΗΣ 
970 |a ΧΑΡΙΟΠΟΛΙΤΟΥ  |b ΚΩΝΣΤΑΝΤΙΝΑ  |z 2007/11/29